Dickens on screen
Gespeichert in:
| Format: | Buch |
|---|---|
| Sprache: | Undetermined |
| Veröffentlicht: |
Cambridge, UK,New York
Cambridge University Press
2003
|
| Schlagworte: | |
| Tags: |
Tag hinzufügen
Keine Tags, Fügen Sie den ersten Tag hinzu!
|
| Thư viện lưu trữ: | Trung tâm Học liệu Trường Đại học Cần Thơ |
|---|
| LEADER | 00582nam a2200193Ia 4500 | ||
|---|---|---|---|
| 001 | CTU_158193 | ||
| 008 | 210402s9999 xx 000 0 und d | ||
| 020 | |c 36.99 | ||
| 082 | |a 791.436 | ||
| 082 | |b D548 | ||
| 245 | 0 | |a Dickens on screen | |
| 245 | 0 | |c edited by John Glavin | |
| 260 | |a Cambridge, UK,New York | ||
| 260 | |b Cambridge University Press | ||
| 260 | |c 2003 | ||
| 650 | |a English fiction,Film adaptations,Tiểu thuyết Anh,Phóng tác phim | ||
| 650 | |x History and criticism | ||
| 910 | |a Nguyên | ||
| 980 | |a Trung tâm Học liệu Trường Đại học Cần Thơ | ||